000
00297nam a22001337a 4500
008
180307b xxu||||| |||| 00| 0 eng d
020
_a
9780030340536
041
_a
eng
080
_2
10 ed
_a
33
100
_a
60
101
_a
bus
245
_a
contemporary business
_c
boone.k
942
_2
udc
_c
BK
999
_c
44255
_d
44255